Olimpiada de Filosofía de la República Argentina /
Documental acerca de las Olimpiadas de Filosofía. Sus alcances a nivel nacional. Entrevistas a los organizadores como también a los alumnos que participan de la misma.
Guardado en:
| Autores Corporativos: | , , |
|---|---|
| Formato: | |
| Publicado: |
Argentina,
2006
|
| Materias: | |
| Etiquetas: |
Agregar Etiqueta
Sin Etiquetas, Sea el primero en etiquetar este registro!
|
| LEADER | 01065ngm a22002415g 4500 | ||
|---|---|---|---|
| 001 | CEM.cems023290 | ||
| 008 | 130507s2006##################0###0#####d | ||
| 005 | 20250228140615.0 | ||
| 245 | 0 | 0 | |a Olimpiada de Filosofía de la República Argentina / |c Universidad Nacional de Tucumán - Facultad de Filosofía y Letras. |
| 260 | |a Argentina, |c 2006 | ||
| 300 | |a 40'. | ||
| 500 | |a Consultar en ventanilla. | ||
| 538 | |a Soporte: DVD - Color: Si - Grabación DRD. | ||
| 520 | |a Documental acerca de las Olimpiadas de Filosofía. Sus alcances a nivel nacional. Entrevistas a los organizadores como también a los alumnos que participan de la misma. | ||
| 110 | 2 | |a Universidad Nacional de Tucumán - Facultad de Filosofía y Letras. | |
| 710 | 2 | |a Programa Nacional de Olimpíadas. | |
| 710 | 2 | |a Ministerio de Educación Ciencia y Tecnología de la Nación. | |
| 082 | 1 | 0 | |/ OLI |
| 653 | |a FILOSOFIA | ||
| 653 | |a OLIMPIADAS DE FILOSOFIA | ||
| 653 | |a ESCUELAS SECUNDARIAS | ||
| 653 | |a EDUCACION | ||
| 859 | |a CEMS |b BIB. CEMS - Depto. Recursos Didacticos |h 100 |i OLI |k DRD |p 1933.14 |t Ej.1 | ||
